MARC

LEADER 00000njm a2200000 a 4500
001 vtls001458769
003 SK-MaSNL
005 20260301215724.0
008 160624s2002 xo 0 slo
015 |a SNBJ2003/03-01830 
035 |a SNK000414076 
040 |a SNK  |b slo  |c SNK  |e AACR2 
041 0 |a slo 
044 |a xo  |c SK 
072 7 |a 78  |2 konspekt 
080 |a 785.16  |2 1981 
080 |a (086.76)  |2 1981 
080 |a 784.66:785.16(086.76)  |2 2. slo 
080 |a 785.16  |2 2. slo 
245 1 |a Koniec dobrý - všetko dobré  |h zvukový dokument  |n 3 
260 |a [Praha]  |b Universal Music  |c 2002 
300 |a 1 kompaktná platňa  |b stereo 
505 0 |a Obsahuje 16 piesní 
511 |a Účinkujú: I. Tásler, M. Žbirka, Sonia, R. Müller, J. Kirschner, J. Kuric, V. Bílá, V. Patejdl, P. Nagy, R. Opatovský_ 
511 |a Účinkujú hudobné skupiny Team, Hex, Black Milk, No Name, Ready Kirken, Gladiator 
650 0 7 |a populárne piesne  |2 SNK  |9 3446 
650 0 7 |a populárna hudba  |x piesne populárne  |x platne kompaktné  |2 SNK  |9 301592 
650 0 7 |a piesne populárne  |x platne kompaktné  |2 SNK  |9 65281 
650 0 7 |a hudba  |2 konspekt  |9 1063 
650 0 7 |a populárna hudba  |2 SNK  |9 3428 
655 7 |a kompaktné platne  |2 SNK  |9 70690 
700 1 |a Tásler, Ivan,  |d 1979-  |4 roz  |9 98872 
700 1 |a Žbirka, Miroslav,  |d 1952-2021  |4 roz  |9 99952 
700 1 |a Sonia  |4 roz  |9 46910 
700 1 |a Müller, Richard,  |d 1961-  |4 roz  |9 92700 
700 1 |a Kirschner, Jana,  |d 1978-  |4 roz  |9 111011 
700 1 |a Kuric, Ján,  |d 1963-  |4 roz  |9 111329 
700 1 |a Bílá, Věra,  |d 1954-2019  |4 roz  |9 198752 
700 1 |a Patejdl, Vašo,  |d 1954-2023  |4 roz  |9 99941 
700 1 |a Novotná, Ivana  |4 roz  |9 313018 
700 1 |a Nagy, Peter,  |d 1959-  |9 98857 
700 1 |a Opatovský, Robo,  |d 1971-  |4 roz  |9 156250 
710 2 |a Team (hudobná skupina)  |4 uci  |9 33072 
710 0 |a Hex (hudobná skupina)  |4 uci  |9 30323 
710 2 |a Black Milk (hudobná skupina)  |4 uci  |9 35447 
710 0 |a No Name (hudobná skupina)  |4 uci  |9 30143 
710 2 |a Ready Kirken (hudobná skupina)  |4 uci  |9 35298 
710 0 |a Gladiator (hudobná skupina)  |4 uci  |9 32178 
999 |c 929331  |d 931261 
952 |t P60, <03>, [AUDIO], {603}  |a SNK  |b SNK  |y PREZ  |7 0  |p 17A0392729  |o snkSCD 944/3  |i snkJK 503/2003  |g 14.61  |0 0  |1 0  |4 0  |d 2003-08-20  |l 0  |r 2005-01-02 00:00:00  |w 2026-02-24